The reinvention of primitive society : (Record no. 9633)

MARC details
000 -LEADER
fixed length control field 00388nam a22001337a 4500
008 - FIXED-LENGTH DATA ELEMENTS--GENERAL INFORMATION
fixed length control field 230801b |||||||| |||| 00| 0 eng d
020 ## - INTERNATIONAL STANDARD BOOK NUMBER
International Standard Book Number 978-1-032-51210-5
082 ## - DEWEY DECIMAL CLASSIFICATION NUMBER
Classification number 305.8
100 ## - MAIN ENTRY--PERSONAL NAME
Personal name Adam Kuper
245 ## - TITLE STATEMENT
Title The reinvention of primitive society :
Remainder of title transformations of a myth, reissue of second edition
260 ## - PUBLICATION, DISTRIBUTION, ETC.
Place of publication, distribution, etc. UK:
Name of publisher, distributor, etc. Routledge,
Date of publication, distribution, etc. 2017
300 ## - PHYSICAL DESCRIPTION
Extent 223 p.
Dimensions 23 cm
942 ## - Added entry Elements (Koha)
Source of classification or shelving scheme Dewey Decimal Classification
Holdings
Withdrawn status Lost status Source of classification or shelving scheme Damaged status Not for loan Collection code Home library Current library Shelving location Date acquired Serial Enumeration / chronology Full call number Barcode Date last seen Price effective from Koha item type
    Dewey Decimal Classification     Reserve RTC Library RTC Library Reserve 01/08/2023 177661 305.8 KUP 30019110 01/08/2023 01/08/2023 Student Reserve
Royal Thimphu College || All Right Reserved